000 01172nam a2200349Ic 4500
001 59563
003 CO-BoRNBP
005 20251022203603.0
007 ta
008 160601s1994 ck a g 000 0 spa
020 _a9589044905
040 _aCO-BoRNBP
_bspa
_erda
_cCO-BoRNBP
041 _aspa
084 _aP
100 _aCaballero, Beatriz
_d1948-
_eaut
_91371
245 1 0 _aCodazzi, el señor que dibujaba mapas /
_cBeatriz Caballero ; ilustraciones de Olga Cuéllar.
250 _a1a. edición
264 1 _aBogotá, Colombia :
_bCarlos Valencia,
_c1994
300 _a22 páginas :
_bilustraciones
336 _atexto
_btxt
_2rdacontent
337 _asin mediación
_bn
_2rdamedia
338 _avolumen
_bnc
_2rdacarrier
490 0 _aColección OA infantil
500 _aIncluye datos biográficos del autor
600 0 _aCodazzi, Agustín
_d1793-1859
_965971
650 0 7 _aAutógrafos en la literatura
_2lemb
_965972
650 0 7 _aEmociones en la literatura
_2LEMB
_9891
650 0 4 _aPoesía infantil colombiana
_2LEMB
_9943
650 0 4 _aLiteratura infantil colombiana
_2LEMB
_934
700 _aCuéllar Serrano, Olga,
_d1958- ,
_eill
942 _2loc
_cBKINF
999 _c59563
_d59563